Statistics for Chug Jug with you lyrics

Click here to take the quiz!

General Stats

  • This quiz has been taken 10 times
  • The average score is 223 of 327

Answer Stats

Answer% Correct
a
100%
down
100%
fortnite
100%
get
100%
i
100%
number
100%
on
100%
one
100%
out
100%
royale
100%
to
100%
victory
100%
we
100%
yeah
100%
board
90%
chug
90%
friend
90%
go
90%
got
90%
jug
90%
just
90%
kills
90%
me
90%
my
90%
really
90%
ten
90%
the
90%
tomato
90%
town
90%
with
90%
you
90%
at
80%
be
80%
bout
80%
can
80%
gamer
80%
he
80%
him
80%
in
80%
look
80%
now
80%
park
80%
play
80%
right
80%
take
80%
today
80%
were
80%
win
80%
wiped
80%
but
70%
heading
70%
lake
70%
loot
70%
map
70%
mark
70%
not
70%
pleasant
70%
pro
70%
revived
70%
xbox
70%
your
70%
and
60%
gamers
60%
hey
60%
southbound
60%
hp
50%
mire
50%
moisty
50%
pot
50%
shield
50%
streets
50%
broski
40%
i'd
40%
need
40%
shot
40%
that
40%
am
30%
because
30%
found
30%
healing
30%
heals
30%
hes
30%
ill
30%
is
30%
love
30%
of
30%
only
30%
said
30%
sheets
30%
some
30%
there
30%
vbucks
30%
yet
30%
all
20%
attack
20%
back
20%
cause
20%
chest
20%
cool
20%
dude
20%
i'm
20%
low
20%
nothing
20%
prepare
20%
safari
20%
sorry
20%
spend
20%
storm
20%
than
20%
there's
20%
this
20%
under
20%
underneath
20%
upstairs
20%
weekend
20%
we'll
20%
ATK
10%
break
10%
change
10%
checked
10%
clothes
10%
coming
10%
contend
10%
disco
10%
dominate
10%
dressed
10%
fancy
10%
fast
10%
house
10%
kinda
10%
lets
10%
mats
10%
mode
10%
more
10%
neehealsd
10%
probably
10%
raider
10%
renegade
10%
running
10%
stone
10%
thatt
10%
these
10%
top
10%
turn
10%
zone
10%

Score Distribution

Percentile by Number Answered

Percent of People with Each Score

Your Score History

You have not taken this quiz